[Event "Oberliga Ost-B 1011"]
[Site "Germany"]
[Date "2011.03.20"]
[Round "9.8"]
[White "Escher, Helmut"]
[Black "Engel, Berthold"]
[Result "1/2-1/2"]
[WhiteElo "2135"]
[BlackElo "2210"]
[PlyCount "86"]
[EventDate "2010.10.24"]
[EventType "team-tourn"]
[EventRounds "11"]
[EventCountry "GER"]
[SourceTitle "EXT 2012"]
[Source "ChessBase"]
[SourceDate "2011.11.24"]
[SourceVersion "1"]
[SourceVersionDate "2011.11.24"]
[SourceQuality "1"]
[WhiteTeam "Oberursel"]
[BlackTeam "Frankfurt BvK"]
[WhiteTeamCountry "GER"]
[BlackTeamCountry "GER"]

1. Nf3 d6 2. d4 Bg4 3. e3 c6 4. c4 Nd7 5. h3 Bh5 6. Be2 Qc7 7. 0-0 Ngf6 8. Nc3 e5 9. Qc2 Be7 10. b3 0-0 11. Bb2 Rfe8 12. Rfe1 Bf8 13. Nh4 Bxe2 14. Nxe2 g6 15. Nf3 Bg7 16. Rad1 e4 17. Nd2 Re7 18. a4 Rae8 19. Ba3 Nf8 20. Nb1 N6d7 21. Nbc3 f5 22. Rd2 a6 23. Red1 Nf6 24. b4 N8d7 25. Qb3 Rf7 26. d5 Ne5 27. dxc6 Qxc6 28. c5 dxc5 29. bxc5 Nd3 30. Nf4 Nxf4 31. Rd6 Nxh3+ 32. gxh3 Qc8 33. Nd5 Nxd5 34. R1xd5 Kh8 35. Bb2 Qc7 36. Bxg7+ Kxg7 37. Qc3+ Kh6 38. c6 bxc6 39. Qxc6 Qe7 40. Qxa6 Qh4 41. Rd7 Rxd7 42. Rxd7 Qxh3 43. Qb7 Qg4+ 1/2-1/2

[Event "Frankfurt-ch"]
[Site "Frankfurt"]
[Date "2009.05.04"]
[Round "2"]
[White "Escher, Helmut"]
[Black "Schramm, Christian"]
[Result "0-1"]
[WhiteElo "2127"]
[BlackElo "2307"]
[PlyCount "150"]
[EventDate "2009.04.27"]
[EventType "tourn"]
[EventRounds "7"]
[EventCountry "GER"]
[SourceTitle "EXT 2010"]
[Source "ChessBase"]
[SourceDate "2010.11.25"]
[SourceVersion "1"]
[SourceVersionDate "2010.11.25"]
[SourceQuality "1"]

1. Nf3 e6 2. d4 c5 3. c3 Nf6 4. Bg5 Qb6 5. Qb3 Qxb3 6. axb3 Ne4 7. Bf4 cxd4 8. Nxd4 Bd6 9. Bxd6 Nxd6 10. Nd2 Nc6 11. e3 b6 12. Nc4 Nxc4 13. Bxc4 Nxd4 14. exd4 Bb7 15. f3 a5 16. Kf2 Ke7 17. Rhe1 Kd6 18. Bd3 f5 19. c4 g5 20. Re5 h5 21. Rb5 Kc7 22. Be2 Rhb8 23. Re5 h4 24. h3 Bc6 25. Bd3 Kd6 26. Rae1 a4 27. d5 exd5 28. Rxf5 a3 29. bxa3 Rxa3 30. cxd5 Bxd5 31. Bc4 Bxc4 32. bxc4 Ra2+ 33. Kg1 Ra5 34. Rd1+ Kc6 35. Rf6+ Kc5 36. Rxd7 Kxc4 37. f4 Kc3 38. Rdd6 b5 39. fxg5 b4 40. g6 b3 41. Rc6+ Kd4 42. Rb6 Rxb6 43. Rxb6 Kc3 44. Kf2 Rf5+ 45. Ke3 Rg5 46. Kf2 b2 47. Rc6+ Kd2 48. Rd6+ Kc2 49. Rc6+ Kb1 50. Ra6 Rg3 51. Rc6 Ka2 52. Ra6+ Kb3 53. Rb6+ Kc2 54. Rc6+ Kd2 55. Rb6 Kc3 56. Rc6+ Kd2 57. Rd6+ Kc1 58. Rc6+ Kb1 59. Ra6 Rc3 60. g7 Rc8 61. Kf3 Kc2 62. Rb6 b1Q 63. Rxb1 Kxb1 64. Kg4 Rg8 65. Kxh4 Rxg7 66. g4 Kc2 67. g5 Kd3 68. Kg4 Ke4 69. h4 Ke5 70. h5 Ke6 71. h6 Ra7 72. g6 Kf6 73. g7 Ra8 74. Kh5 Rb8 75. Kg4 Kg6 0-1

[Event "GER-chT Seniors 17th"]
[Site "Berlin"]
[Date "2008.09.04"]
[Round "5"]
[White "Escher, Helmut"]
[Black "Weber, Bernhard"]
[Result "1/2-1/2"]
[WhiteElo "2108"]
[BlackElo "2139"]
[PlyCount "155"]
[EventDate "2008.08.31"]
[EventType "team-swiss"]
[EventRounds "7"]
[EventCountry "GER"]
[SourceTitle "CBM 126 Extra"]
[Source "ChessBase"]
[SourceDate "2008.11.05"]
[SourceVersion "1"]
[SourceVersionDate "2008.11.05"]
[SourceQuality "1"]

1. d4 Nf6 2. Nf3 c6 3. c3 d5 4. Bf4 Bf5 5. e3 e6 6. Bd3 Bxd3 7. Qxd3 Nbd7 8. Nbd2 Be7 9. 0-0 0-0 10. h3 Qb6 11. b3 c5 12. Rfe1 cxd4 13. cxd4 Rac8 14. Rec1 Ba3 15. Rc2 Qa6 16. Qxa6 bxa6 17. Ne1 Rxc2 18. Nxc2 Bb2 19. Rd1 Rc8 20. Ne1 Bc3 21. Kf1 Kf8 22. Rc1 Nb6 23. Bd6+ Ke8 24. Nb1 Bxe1 25. Rxe1 Rc2 26. Re2 Rc6 27. Ba3 Ne4 28. g3 a5 29. Kg2 Kd7 30. f3 Nc3 31. Nxc3 Rxc3 32. Bc5 Kc6 33. Kf2 a6 34. Ba3 Kb5 35. Bc5 Nd7 36. Bd6 g6 37. g4 Kc6 38. Ba3 Kc7 39. Ke1 Rc6 40. Kd1 Nb6 41. Rc2 a4 42. Rxc6+ Kxc6 43. Kc2 Kb5 44. Kc3 axb3 45. axb3 a5 46. Bc5 Nd7 47. Bd6 a4 48. bxa4+ Kxa4 49. Bc7 h6 50. Bf4 h5 51. Bc7 Kb5 52. Bd8 Nb8 53. Bc7 Nc6 54. Bd6 Na5 55. Be7 Nc4 56. Bg5 Ka4 57. e4 Nd6 58. exd5 exd5 59. Kd3 Kb3 60. Bf4 Nc4 61. Bc1 Na5 62. Bd2 Nc6 63. Be1 Nb4+ 64. Ke2 Nc2 65. gxh5 gxh5 66. Ba5 Nxd4+ 67. Ke3 Ne6 68. f4 f5 69. Kf3 d4 70. Kg3 d3 71. Kh4 Nxf4 72. Bd2 Ng2+ 73. Kxh5 f4 74. Kg4 Ne3+ 75. Kf3 Nd5 76. Ke4 Nb6 77. Ba5 Kc2 78. Be1 1/2-1/2

[Event "Bayern-ch Seniors 20th"]
[Site "Bergen"]
[Date "2008.06.14"]
[Round "8.9"]
[White "Bilyavskyy, Borys"]
[Black "Escher, Helmut"]
[Result "0-1"]
[WhiteElo "1820"]
[BlackElo "2038"]
[PlyCount "86"]
[EventDate "2008.06.07"]
[EventType "swiss"]
[EventRounds "9"]
[EventCountry "GER"]
[SourceTitle "EXT 2022"]
[Source "ChessBase"]
[SourceDate "2021.10.06"]
[SourceVersion "1"]
[SourceVersionDate "2021.10.06"]
[SourceQuality "1"]

1. d4 Nf6 2. c4 c5 3. d5 b5 4. cxb5 a6 5. b6 Qxb6 6. Nc3 g6 7. e4 d6 8. Be2 Bg7 9. h3 0-0 10. Nf3 a5 11. 0-0 Ba6 12. Rb1 Nfd7 13. Bd2 Bxe2 14. Qxe2 Qa6 15. Rfe1 Qxe2 16. Nxe2 Nb6 17. Bc3 N8d7 18. Bxg7 Kxg7 19. Nc3 f6 20. b3 Rfb8 21. g3 Rb7 22. Nd2 Kf7 23. f4 Rab8 24. Kf2 a4 25. bxa4 Ra7 26. Rb2 Nxa4 27. Nxa4 Rxa4 28. Rxb8 Nxb8 29. Ra1 Na6 30. a3 Ke8 31. Ke3 Nb4 32. Ke2 f5 33. axb4 Rxa1 34. bxc5 dxc5 35. e5 Ra3 36. Nf3 c4 37. g4 Rd3 38. gxf5 gxf5 39. Nd2 Rd4 40. Ke3 c3 41. Nb3 Rxd5 42. Ke2 c2 43. h4 Rd1 0-1

[Event "Frankfurt-ch"]
[Site "Frankfurt"]
[Date "2008.06.09"]
[Round "6"]
[White "Minor, Samuel"]
[Black "Escher, Helmut"]
[Result "1-0"]
[WhiteElo "2179"]
[BlackElo "2078"]
[PlyCount "75"]
[EventDate "2008.04.28"]
[EventType "swiss"]
[EventRounds "7"]
[EventCountry "GER"]
[SourceTitle "EXT 2009"]
[Source "ChessBase"]
[SourceDate "2008.11.26"]
[SourceVersion "1"]
[SourceVersionDate "2008.11.26"]
[SourceQuality "1"]

1. e4 d5 2. exd5 Qxd5 3. Nc3 Qa5 4. d4 c6 5. Bc4 Nf6 6. Bd2 Qc7 7. Nf3 Bg4 8. h3 Bxf3 9. Qxf3 e6 10. 0-0-0 Nbd7 11. g4 Nb6 12. Bb3 0-0-0 13. g5 Nfd5 14. Ne4 Qd7 15. c4 Nc7 16. Bf4 Be7 17. Be5 Ne8 18. Qxf7 Rf8 19. Qh5 Nd6 20. Nc5 Qe8 21. Qxe8 Rdxe8 22. Nxe6 Ndxc4 23. Nxf8 Rxf8 24. f4 Nxe5 25. fxe5 Bxg5+ 26. Kb1 Kd7 27. Rhf1 Bf4 28. Kc2 g5 29. Kd3 Nd5 30. Rde1 Re8 31. Bxd5 cxd5 32. h4 h6 33. hxg5 hxg5 34. Rh1 Re6 35. Rh7+ Kc6 36. Rg1 a6 37. Rg2 Rg6 38. Rf7 1-0

[Event "Frankfurt-ch"]
[Site "Frankfurt"]
[Date "2008.05.05"]
[Round "2"]
[White "Escher, Helmut"]
[Black "Thole, Markus"]
[Result "1-0"]
[WhiteElo "2078"]
[BlackElo "1749"]
[PlyCount "69"]
[EventDate "2008.04.28"]
[EventType "swiss"]
[EventRounds "7"]
[EventCountry "GER"]
[SourceTitle "EXT 2009"]
[Source "ChessBase"]
[SourceDate "2008.11.26"]
[SourceVersion "1"]
[SourceVersionDate "2008.11.26"]
[SourceQuality "1"]

1. d4 e6 2. c4 Nf6 3. Nc3 Bb4 4. Bd2 c5 5. e3 cxd4 6. exd4 0-0 7. Nf3 d5 8. c5 b6 9. cxb6 Qxb6 10. Bd3 Ba6 11. Qe2 Bxd3 12. Qxd3 Nc6 13. 0-0 Rab8 14. Rfc1 Rfc8 15. a3 Bd6 16. b4 a5 17. b5 Ne7 18. a4 Nf5 19. Bg5 Bb4 20. Bxf6 Bxc3 21. Rxc3 Rxc3 22. Qxc3 gxf6 23. Qc5 Nd6 24. Nd2 Qd8 25. Rc1 Rc8 26. Qa3 Qb6 27. Rxc8+ Nxc8 28. Qc5 Qd8 29. Qc3 Nd6 30. g3 Kf8 31. Qc6 Nc8 32. Nb3 Nb6 33. Nc5 Nc4 34. b6 Qxb6 35. Nd7+ 1-0

[Event "EU-chT Seniors 10th"]
[Site "Dresden"]
[Date "2008.02.19"]
[Round "9.4"]
[White "Escher, Helmut"]
[Black "Pemberton, Clive H"]
[Result "1-0"]
[WhiteElo "2078"]
[BlackElo "1910"]
[PlyCount "129"]
[EventDate "2008.02.11"]
[EventType "team-swiss"]
[EventRounds "9"]
[EventCountry "GER"]
[SourceTitle "CBM 122 Extra"]
[Source "ChessBase"]
[SourceDate "2008.03.04"]
[SourceVersion "1"]
[SourceVersionDate "2008.03.04"]
[SourceQuality "1"]
[WhiteTeam "Hessen"]
[BlackTeam "England III"]
[WhiteTeamCountry "GER"]
[BlackTeamCountry "ENG"]

1. d4 Nf6 2. Nf3 e6 3. g3 b6 4. Bg2 Bb7 5. 0-0 d5 6. Re1 Nbd7 7. Nbd2 Be7 8. b3 0-0 9. Bb2 Rc8 10. Rc1 c5 11. c4 dxc4 12. Nxc4 cxd4 13. Bxd4 Bc5 14. Bxc5 Rxc5 15. b4 Rc7 16. Qd4 Ne4 17. Nd6 Nxd6 18. Qxd6 Rxc1 19. Rxc1 Nf6 20. Qxd8 Rxd8 21. Rc7 Rd7 22. Rxd7 Nxd7 23. Nd4 Bxg2 24. Kxg2 e5 25. Nc6 a6 26. Kf3 Nf6 27. Nxe5 Nd5 28. a3 a5 29. bxa5 bxa5 30. Nc4 a4 31. Ke4 Nc3+ 32. Kd3 Nb5 33. e3 Kf8 34. Kc2 Ke7 35. Kb2 Ke6 36. Nb6 Kf6 37. f3 g5 38. g4 Ke5 39. Nxa4 f5 40. gxf5 Kxf5 41. h3 h5 42. Nc5 g4 43. fxg4+ hxg4 44. hxg4+ Kxg4 45. a4 Na7 46. Kc3 Kf5 47. Kd4 Kf6 48. Kd5 Ke7 49. a5 Kd8 50. e4 Kc7 51. Nb3 Nc6 52. Ke6 Nd8+ 53. Kf6 Nc6 54. e5 Nxe5 55. Kxe5 Kb7 56. Kd5 Ka7 57. Kc6 Ka6 58. Kc7 Ka7 59. Nc5 Ka8 60. Kb6 Kb8 61. Ne6 Ka8 62. Nd4 Kb8 63. Nb5 Ka8 64. Nc7+ Kb8 65. a6 1-0

[Event "EU-chT Seniors 10th"]
[Site "Dresden"]
[Date "2008.02.17"]
[Round "7.4"]
[White "Escher, Helmut"]
[Black "Ashby, Anthony"]
[Result "1/2-1/2"]
[WhiteElo "2078"]
[BlackElo "2166"]
[PlyCount "55"]
[EventDate "2008.02.11"]
[EventType "team-swiss"]
[EventRounds "9"]
[EventCountry "GER"]
[SourceTitle "CBM 122 Extra"]
[Source "ChessBase"]
[SourceDate "2008.03.04"]
[SourceVersion "1"]
[SourceVersionDate "2008.03.04"]
[SourceQuality "1"]
[WhiteTeam "Hessen"]
[BlackTeam "England II"]
[WhiteTeamCountry "GER"]
[BlackTeamCountry "ENG"]

1. d4 f5 2. Nf3 Nf6 3. g3 g6 4. Bg2 Bg7 5. 0-0 0-0 6. c4 d6 7. Nc3 c6 8. Bg5 Qc7 9. Bxf6 Bxf6 10. Rc1 e5 11. dxe5 dxe5 12. e3 Be6 13. Nd2 Na6 14. Nd5 Qf7 15. Nxf6+ Qxf6 16. Qe2 Rad8 17. Rfd1 Rd7 18. Bf1 Rfd8 19. Nb3 c5 20. Rxd7 Rxd7 21. Rd1 Qd8 22. Rxd7 Qxd7 23. Qd2 b6 24. Qxd7 Bxd7 25. f3 Kf7 26. Kf2 Kf6 27. h4 h6 28. Nd2 1/2-1/2

[Event "Hessenliga 0607"]
[Site "Germany"]
[Date "2007.03.11"]
[Round "8.6"]
[White "Escher, Helmut"]
[Black "Hempel, Manfred"]
[Result "1-0"]
[WhiteElo "2068"]
[BlackElo "2095"]
[PlyCount "89"]
[EventDate "2006.09.17"]
[EventType "team"]
[EventRounds "9"]
[EventCountry "GER"]
[SourceTitle "EXT 2008"]
[Source "ChessBase"]
[SourceDate "2007.11.25"]
[SourceVersion "1"]
[SourceVersionDate "2007.11.25"]
[SourceQuality "1"]
[WhiteTeam "Oberursel II"]
[BlackTeam "Bensheim"]
[WhiteTeamCountry "GER"]
[BlackTeamCountry "GER"]

1. d4 f5 2. Nf3 Nf6 3. g3 e6 4. Bg2 d5 5. 0-0 Bd6 6. Bg5 0-0 7. Nbd2 Nbd7 8. c4 c6 9. c5 Be7 10. b4 h6 11. Bf4 g5 12. Be5 a5 13. a3 Ne4 14. Nb3 b6 15. cxb6 axb4 16. Bc7 Qe8 17. axb4 Rxa1 18. Qxa1 Bxb4 19. Qa4 c5 20. dxc5 Bxc5 21. Nxc5 Ndxc5 22. Qa3 f4 23. Ne5 fxg3 24. hxg3 Qb5 25. Ng6 Re8 26. Bxe4 Nxe4 27. Ne7+ Kf7 28. Nxc8 Rxc8 29. Qd3 Qc6 30. f3 Nf6 31. Rb1 Rxc7 32. bxc7 Qxc7 33. Kg2 Kg7 34. Qe3 Nh5 35. Qd4+ Kf7 36. Qg4 Ng7 37. Qb4 Kg6 38. Qb8 Qc3 39. Qb3 Qe5 40. Qd3+ Kf6 41. f4 gxf4 42. gxf4 Qc7 43. Qd4+ Kg6 44. Rb6 Kf7 45. Qb2 1-0

[Event "GER-chT Seniors 15th"]
[Site "Bad Blankenburg"]
[Date "2006.09.07"]
[Round "5.3"]
[White "Hein, Manfred"]
[Black "Escher, Helmut"]
[Result "1/2-1/2"]
[WhiteElo "2128"]
[BlackElo "2068"]
[PlyCount "34"]
[EventDate "2006.09.03"]
[EventType "team-swiss"]
[EventRounds "7"]
[EventCountry "GER"]
[SourceTitle "CBM 114 Extra"]
[Source "ChessBase"]
[SourceDate "2006.11.03"]
[SourceVersion "1"]
[SourceVersionDate "2006.11.03"]
[SourceQuality "1"]

1. e4 d5 2. exd5 Qxd5 3. Nc3 Qa5 4. d4 c6 5. Nf3 Nf6 6. Bc4 Bf5 7. 0-0 e6 8. Bd3 Bxd3 9. Qxd3 Nbd7 10. Ne4 Be7 11. c3 0-0 12. Nxf6+ Bxf6 13. Bf4 Rfd8 14. Qc2 c5 15. dxc5 Qxc5 16. Rad1 Nb6 17. Be3 Qc6 1/2-1/2

[Event "GER-chT Seniors 15th"]
[Site "Bad Blankenburg"]
[Date "2006.09.03"]
[Round "1.3"]
[White "Baumbach, Friedrich"]
[Black "Escher, Helmut"]
[Result "1/2-1/2"]
[WhiteElo "2272"]
[BlackElo "2068"]
[PlyCount "99"]
[EventDate "2006.09.03"]
[EventType "team-swiss"]
[EventRounds "7"]
[EventCountry "GER"]
[SourceTitle "CBM 114 Extra"]
[Source "ChessBase"]
[SourceDate "2006.11.03"]
[SourceVersion "1"]
[SourceVersionDate "2006.11.03"]
[SourceQuality "1"]

1. d4 Nf6 2. c4 g6 3. Nc3 d5 4. cxd5 Nxd5 5. e4 Nxc3 6. bxc3 Bg7 7. Bc4 0-0 8. Ne2 c5 9. 0-0 Nc6 10. Be3 cxd4 11. cxd4 b6 12. Rc1 Bb7 13. Qa4 e6 14. Rfd1 Na5 15. Bd3 Rc8 16. Bd2 Rxc1 17. Rxc1 Qa8 18. f3 Nc6 19. Be3 Rc8 20. Rd1 Bf8 21. Kf2 Bd6 22. e5 Bf8 23. Ng3 Nb4 24. Be4 Nd5 25. Bxd5 Bxd5 26. Rc1 Rxc1 27. Bxc1 Qc6 28. Qxc6 Bxc6 29. Ke2 Bb5+ 30. Ke3 Bc4 31. a3 Be7 32. Ne4 h5 33. f4 Bd5 34. g3 Kf8 35. Nf6 Bc6 36. Bb2 b5 37. Kd3 a5 38. d5 exd5 39. Kd4 b4 40. axb4 Bxb4 41. Nxd5 Be1 42. Ba3+ Kg7 43. Kc5 Bxd5 44. Kxd5 Bf2 45. e6 fxe6+ 46. Kxe6 Bg1 47. Bb2+ Kh7 48. f5 gxf5 49. Kxf5 Bxh2 50. Kg5 1/2-1/2

[Event "Hessen-ch Seniors"]
[Site "Marburg"]
[Date "2006.04.11"]
[Round "4.1"]
[White "Czech, Ludwig"]
[Black "Escher, Helmut"]
[Result "1/2-1/2"]
[WhiteElo "2139"]
[BlackElo "2068"]
[PlyCount "83"]
[EventDate "2006.04.08"]
[EventType "swiss"]
[EventRounds "9"]
[EventCountry "GER"]
[SourceTitle "EXT 2007"]
[Source "ChessBase"]
[SourceDate "2006.11.23"]
[SourceVersion "1"]
[SourceVersionDate "2006.11.23"]
[SourceQuality "1"]

1. c4 Nf6 2. g3 c6 3. Nf3 d5 4. b3 g6 5. Bb2 Bg7 6. Bg2 0-0 7. 0-0 b6 8. Qc2 Bb7 9. d3 c5 10. cxd5 Nxd5 11. Bxg7 Kxg7 12. Qb2+ Kg8 13. Ne5 Nd7 14. Nd2 Nxe5 15. Qxe5 Qd7 16. Nc4 f6 17. Qb2 e5 18. a3 Rac8 19. b4 Kg7 20. Rfc1 Rfd8 21. b5 Ne7 22. Bxb7 Qxb7 23. Ne3 Rd4 24. Rc4 Rcd8 25. Rac1 Nf5 26. Nxf5+ gxf5 27. Rxd4 Rxd4 28. Rc4 Rxc4 29. dxc4 Qe4 30. Qa2 h5 31. f3 Qd4+ 32. Kg2 f4 33. Qc2 fxg3 34. hxg3 h4 35. gxh4 Qxh4 36. e3 Qg5+ 37. Kf2 Qh4+ 38. Kg2 Qg5+ 39. Kf2 Qh4+ 40. Kg2 Qg5+ 41. Kf2 Qh4+ 42. Kg2 1/2-1/2

[Event "Hessen-ch Seniors"]
[Site "Marburg"]
[Date "2006.04.11"]
[Round "5.3"]
[White "Escher, Helmut"]
[Black "Haftmann, Rainer"]
[Result "1-0"]
[WhiteElo "2068"]
[BlackElo "1791"]
[PlyCount "103"]
[EventDate "2006.04.08"]
[EventType "swiss"]
[EventRounds "9"]
[EventCountry "GER"]
[SourceTitle "EXT 2007"]
[Source "ChessBase"]
[SourceDate "2006.11.23"]
[SourceVersion "1"]
[SourceVersionDate "2006.11.23"]
[SourceQuality "1"]

1. d4 Nf6 2. Nf3 e6 3. Bf4 d5 4. e3 c6 5. c3 Nbd7 6. Bd3 Be7 7. Nbd2 b6 8. Ne5 Bb7 9. h3 c5 10. 0-0 0-0 11. Rc1 Ne4 12. Ndf3 f6 13. Nxd7 Qxd7 14. Bxe4 dxe4 15. Nd2 cxd4 16. cxd4 Rac8 17. Qg4 f5 18. Qg3 Bf6 19. b3 Bd5 20. Be5 Kh8 21. Nc4 Bxc4 22. Rxc4 Rxc4 23. bxc4 Rc8 24. Rc1 Rc6 25. c5 b5 26. Bd6 Bd8 27. Qf4 Bc7 28. Be5 Bxe5 29. Qxe5 Qc7 30. Qxc7 Rxc7 31. Rb1 a6 32. a4 g5 33. axb5 axb5 34. Rxb5 Kg7 35. g3 Kf6 36. Kg2 h5 37. Rb8 Kf7 38. Rh8 Kg6 39. Kf1 g4 40. Ra8 Kf7 41. Ke1 Ke7 42. Kd2 Kd7 43. Kc3 e5 44. Rf8 exd4+ 45. exd4 Ke6 46. Rh8 Kf6 47. Rf8+ Ke6 48. Kc4 Rd7 49. d5+ Rxd5 50. Re8+ Kd7 51. Kxd5 Kxe8 52. Ke5 1-0